The Happy Fits - Everything You Do Lyrics - Statistics

General Stats
  • This quiz has been taken 2 times
  • The average score is 336 of 355
Answer Stats
Answer % Correct
a
100%
afford
100%
always
100%
and
100%
And
100%
appeal
100%
apple
100%
be
100%
bills
100%
box
100%
But
100%
by
100%
cannot
100%
can't
100%
caught
100%
'Cause
100%
deal
100%
disaster
100%
do
100%
eating
100%
Everybody
100%
everybody
100%
(Everybody
100%
everything
100%
eye
100%
falling
100%
faster
100%
feed
100%
feeling
100%
get
100%
got
100%
help
100%
helpless
100%
I
100%
I'm
100%
in
100%
It's
100%
I've
100%
Keep
100%
knuckles
100%
life
100%
love
100%
loving
100%
me
100%
mind
100%
moody
100%
(Moody
100%
moody)
100%
more
100%
mouths
100%
my
100%
night
100%
no
100%
of
100%
off
100%
Oh
100%
One
100%
overtime
100%
pay
100%
pills
100%
say
100%
short
100%
so
100%
So
100%
stopping
100%
surprise
100%
take
100%
the
100%
There's
100%
this
100%
to
100%
too
100%
up
100%
very
100%
wants
100%
Well
100%
what
100%
What's
100%
white
100%
with
100%
won't
100%
you
100%
you)
100%
You
100%
You're
100%
Ah
50%
align
50%
all
50%
circles
50%
crazy
50%
drive
50%
from
50%
if
50%
kill
50%
mine
50%
please
50%
'round
50%
Save
50%
spin
50%
stars
50%
Then
50%
time
50%
Woo
50%
would
50%
Would
50%
see
0%
No matching quizzes found
Score Distribution
Percent of People with Each Score
Percentile by Number Answered
Your Score History
You have not taken this quiz